Swapped Flag Colors Quiz #1 - Statistics

General Stats
  • This quiz has been taken 115 times
    74 since last reset
  • The average score is 14 of 16
Answer Stats
Picture Answer % Correct
Jamaica
97%
Japan
97%
Sweden
97%
Albania
95%
Cyprus
95%
China
94%
Georgia
94%
North Macedonia
94%
Finland
92%
Lebanon
92%
Panama
88%
Morocco
85%
Egypt
82%
Algeria
79%
The Bahamas
71%
Suriname
62%
No matching quizzes found
Score Distribution
Percent of People with Each Score
Percentile by Number Answered
Your Score History
You have not taken this quiz since the last reset